Skúsenosti z prevádzky informačného systému na podporu strategického rozhodovania MH SR

Gespeichert in:
Bibliographische Detailangaben
1. Verfasser: Russev, Stojan Todorov
Weitere Verfasser: Grell, Michal, Bielik, Karol
Format: Buchkapitel
Sprache:Slowakisch
Tags: Tag hinzufügen
Keine Tags, Fügen Sie das erste Tag hinzu!

MARC

LEADER 00000naa$a2200000$$$4500
001 0116497
005 20240502072311.1
041 0 |a slo 
044 |a SK 
245 1 0 |a Skúsenosti z prevádzky informačného systému na podporu strategického rozhodovania MH SR  |c Stojan Russev, Michal Grell, Karol Bielik 
100 1 |a Russev, Stojan Todorov 
700 1 |a Grell, Michal 
700 1 |a Bielik, Karol